[Event "Tourn. n9827"]
[Site "www.echecsemail.com"]
[Date "2018.06.23"]
[Round "1"]
[White "Tonino1"]
[Black "Piekki"]
[WhiteElo "2130"]
[BlackElo "2190"]
[Result "0-1"]
[Round "1"]
1.d4 Ng8f6
2.g4 Nf6xg4
3.e4 d6
4.Bf1e2 Ng4f6
5.Nb1c3 g6
6.Bc1e3 Bf8g7
7.f3 Nb8c6
8.Qd1d2 O-O
9.O-O-O a6
10.h4 h5
11.Be3h6 b5
12.Bh6xg7 Kxg7
13.Ng1h3 e5
14.d5 Nc6d4
15.Nh3g5 Bc8d7
16.f4 b4
17.Nc3b1 Nd4xe2
18.Qd2xe2 Bd7g4
19.Ng5f3 Rf8e8
20.fxe5 Re8xe5
21.Rd1d4 Qd8e7
22.Nb1d2 Ra8e8
23.Qe2xa6 Bg4xf3
24.Nd2xf3 Re5xe4
25.Qa6d3 Re4xd4
26.Qd3xd4 Qe7e3
27.Qd4xe3 Re8xe3
28.Rh1f1 Nf6xd5
29.Kd2 c5
30.Nf3g5 f6
31.c4 bxc3
32.bxc3 Re3e8
33.Ng5f3 Re8a8
34.Rf1a1 Ra8a3
35.c4 Nd5b4
36.Nf3e1 Ra3xa2
37.Ra1xa2 Nb4xa2
38.Ne1d3 Na2b4
39.Nd3f4 Kh6
40.Ke3 g5
41.Nf4g2 g4
42.Kf4 Kg6
43.Ng2e3 Kf7
44.Ne3f5 d5
45.cxd5 Nb4xd5
46.Ke4 Nd5e7
47.Nf5e3 Ke6
48.Ne3c4 f5
49.Kf4 Ne7g6
50.Kg5 g3
51.Nc4d2 g2
 { time }
0-1

[Event "Tourn. n9820"]
[Site "www.echecsemail.com"]
[Date "2018.06.23"]
[Round "1"]
[White "Jaroslavpech"]
[Black "Rons"]
[WhiteElo "2480"]
[BlackElo "2640"]
[Result "0-1"]
[Round "1"]
1.e4 c5
2.c3 Ng8f6
3.e5 Nf6d5
4.d4 cxd4
5.Ng1f3 Nb8c6
6.cxd4 d6
7.Bf1c4 Nd5b6
8.Bc4b5 dxe5
9.Nf3xe5 Bc8d7
10.Ne5xd7 Qd8xd7
11.Nb1c3 Ra8d8
12.O-O e6
13.Bc1e3 Bf8e7
14.Qd1b3 O-O
15.Rf1d1 Qd7d6
16.a3 Nc6a5
17.Qb3a2 { time. }
0-1

[Event "Tourn. n9871"]
[Site "www.echecsemail.com"]
[Date "2018.06.23"]
[Round "1"]
[White "Fantomas"]
[Black "J1j6"]
[WhiteElo "2170"]
[BlackElo "2019"]
[Result "1-0"]
[Round "1"]
1.c4 e6
2.g3 c6
3.Bf1g2 f5
4.e4 fxe4
5.Bg2xe4 Ng8f6
6.Be4c2 Bf8c5
7.d4 Bc5b4
8.Bc1d2 Bb4xd2
9.Nb1xd2 b5
10.c5 d6
11.Ng1f3 dxc5
12.dxc5 Nb8d7
13.b4 a5
14.a3 axb4
15.axb4 Ra8xa1
16.Qd1xa1 O-O
17.O-O Nf6d5
18.Qa1b2 Qd8f6
19.Qb2b3 Nd7e5
20.Nf3e1 Ne5g4
21.Ne1f3 Qf6h6
22.h4 e5
23.Bc2e4 Bc8e6
24.Nf3g5 Rf8e8
25.Nd2f3 Nd5e3
26.Ng5xe6 Ne3xf1
27.Ne6g5 Kf8
28.Qb3f7 { resign }
1-0

[Event "Tourn. n9826"]
[Site "www.echecsemail.com"]
[Date "2018.06.23"]
[Round "1"]
[White "Cristiano"]
[Black "Lucid1963"]
[WhiteElo "1820"]
[BlackElo "1969"]
[Result "1-0"]
[Round "1"]
1.e4 c5
2.Ng1f3 g6
3.d4 cxd4
4.Nf3xd4 Nb8c6
5.Nb1c3 Bf8g7
6.Bc1e3 Ng8f6
7.h3 O-O
8.Bf1e2 a6
9.Qd1d2 b5
10.Nd4xc6 dxc6
11.Qd2xd8 Rf8xd8
12.O-O b4
13.Nc3a4 Nf6xe4
14.Ra1d1 Rd8xd1
15.Rf1xd1 Bc8e6
16.b3 Ne4c3
17.Na4xc3 Bg7xc3
18.Be2d3 a5
19.Bd3e4 Ra8a6
20.Be3h6 Ra6a8
21.f3 Bc3g7
22.Bh6xg7 Kxg7
23.Be4xc6 Ra8c8
24.Bc6e4 f5
25.Be4d3  { time }
1-0

[Event "1/128 Finale"]
[Site "www.chess-mail.com"]
[Date "2018.06.23"]
[Round "1"]
[White "Gandalf50"]
[Black "Silikon"]
[WhiteElo "1499"]
[BlackElo "1760"]
[Result "1/2-1/2"]
[Round "1"]
1.c4 e5
2.Ng1f3 Nb8c6
3.d4 e4
4.d5 Nc6a5
5.Nf3d2 Ng8f6
6.e3 c6
7.Nb1c3 Bf8b4
8.Qd1c2 O-O
9.dxc6 bxc6
10.Nc3xe4 Rf8e8
11.Ne4c3 Qd8c7
12.a3 Bb4d6
13.b4 Na5b7
14.Bc1b2 a5
15.b5 cxb5
16.Nc3xb5 Qc7c5
17.Nb5xd6 Nb7xd6
18.Bf1e2 Bc8b7
19.O-O Qc5g5
20.Be2f3 Bb7xf3
21.Nd2xf3 Qg5g4
22.Bb2xf6 gxf6
23.Kh1 Nd6xc4
24.Nf3d4 Ra8c8
25.Qc2f5 Qg4g7
26.h4 Nc4d2
27.Rf1c1 Rc8d8
28.Rc1c2 Nd2e4
29.Ra1c1 h6
30.Qf5f3 d5
31.Nd4f5 Qg7g6
32.Qf3f4 h5
33.Rc2c7 Kh7
34.Rc7a7 Re8e5
35.Nf5g3 Ne4xg3
36.Qf4xg3 Qg6xg3
37.fxg3 Re5xe3
38.Ra7xf7 Kg6
39.Rc1c7 Rd8g8
40.Kh2 Re3xa3
41.Rf7d7 Ra3d3
42.Rc7a7 Kf5
43.Ra7xa5 Rd3xg3
44.Ra5xd5 Ke6
45.Rd5d6 Kf5
46.Rd6d5 Ke6
47.Rd5d6 Ke5
48.Rd6d5 Ke6
49.Rd5d6 Ke5
{ draw }
1/2-1/2

[Event "1/64 Finale"]
[Site "www.chess-mail.com"]
[Date "2018.06.23"]
[Round "1"]
[White "Danquigley"]
[Black "Claudia"]
[WhiteElo "2620"]
[BlackElo "1960"]
[Result "1-0"]
[Round "1"]
1.c4 Ng8f6
2.g3 g6
3.Bf1g2 Bf8g7
4.Nb1c3 O-O
5.d3 d6
6.Bc1g5 Nb8d7
7.Qd1d2 c6
8.e4 e5
9.Ng1e2 a5
10.O-O Rf8e8
11.Ra1d1 Qd8c7
12.h3 Nd7b6
13.f4 Nf6d7
14.f5 Nd7c5
15.Rf1f2 f6
16.Bg5e3 g5
17.g4 Bg7f8
18.Ne2g3 Qc7g7
19.h4 h6
20.Ng3h5 Qg7f7
21.hxg5 hxg5
22.Be3xg5 fxg5
23.Qd2xg5 Kh8
24.Bg2f1  { time }
1-0

[Event "1/128 Finale"]
[Site "www.chess-mail.com"]
[Date "2018.06.23"]
[Round "1"]
[White "Guidom"]
[Black "Gandalf50"]
[WhiteElo "2110"]
[BlackElo "1919"]
[Result "1-0"]
[Round "1"]
1.e4 c5
2.f4 g6
3.Ng1f3 Bf8g7
4.d3 Nb8c6
5.Nb1c3 d6
6.Bc1d2 e6
7.Bf1e2 Ng8e7
8.O-O O-O
9.Kh1 a6
10.Ra1b1 b5
11.Qd1e1 Nc6d4
12.Nf3xd4 cxd4
13.Nc3d1 d5
14.e5 h5
15.Bd2b4 Rf8e8
16.Bb4c5 Ne7f5
17.Qe1f2 Bc8b7
18.Bc5xd4 Nf5xd4
19.Qf2xd4 Qd8c7
20.c3 Bg7f8
21.Qd4f2 b4
22.d4 Ra8c8
23.Be2d3 bxc3
24.bxc3 Rc8b8
25.Qf2c2 Kg7
26.Rb1b3 Bb7c8
27.Nd1e3 Bc8d7
28.Rb3xb8 Re8xb8
29.c4 dxc4
30.Bd3xc4 Rb8c8
31.Qc2d3 a5
32.h3 Bd7c6
33.d5 exd5
34.Bc4xd5 Bc6xd5
35.Qd3xd5 Rc8d8
36.Qd5b3 Rd8b8
37.Qb3d3 Rb8d8
38.Qd3e4 Bf8c5
39.Ne3d5 Qc7b7
40.Rf1d1 Rd8d7
41.Qe4f3 a4
42.e6 fxe6
43.Qf3c3 { resign }
1-0

[Event "Tourn. n9770"]
[Site "www.chess-mail.com"]
[Date "2018.06.24"]
[Round "1"]
[White "Aniruddhadg"]
[Black "Tartan"]
[WhiteElo "2490"]
[BlackElo "2520"]
[Result "1-0"]
[Round "1"]
1.e4 e6
2.d3 d5
3.Qd1e2 dxe4
4.dxe4 b6
5.Ng1f3 Bc8a6
6.Qe2d2 Qd8xd2
7.Bc1xd2 Ng8f6
8.Nb1c3 Ba6xf1
9.Rh1xf1 Nb8c6
10.O-O-O Bf8b4
11.Nc3b5 Bb4xd2
12.Rd1xd2 O-O
13.Rf1e1 a6
14.Nb5d4 Nc6xd4
15.Nf3xd4 e5
16.Nd4c6 Rf8e8
17.f3 a5
18.Re1d1 h6
19.c4 g6
20.Kc2 Kg7
21.Kb3 Re8e6
22.Nc6d8 Re6e8
23.Ka4 h5
24.Nd8c6 Re8e6
25.Rd2d8 Ra8xd8
26.Nc6xd8 Re6e7
27.Nd8c6 Re7d7
28.Rd1xd7 Nf6xd7
29.Kb5 Kf6
30.Ka6 Ke6
31.Nc6d8 Ke7
32.Nd8b7 Nd7b8
33.Kb5 Kd7
34.c5 Kc8
35.c6 h4
36.g4 { resign }
1-0

[Event "Tourn. n9792"]
[Site "www.chess-mail.com"]
[Date "2018.06.24"]
[Round "1"]
[White "Ditto"]
[Black "Osopanda"]
[WhiteElo "1760"]
[BlackElo "1860"]
[Result "1-0"]
[Round "1"]
1.e4 c5
2.Bf1c4 e6
3.d3 Nb8c6
4.Ng1f3 d6
5.Bc1g5 Bf8e7
6.Bg5d2 Ng8f6
7.c3 O-O
8.Bd2e3 a6
9.a4 Ra8b8
10.O-O b5
11.axb5 axb5
12.Bc4b3 e5
13.Nb1d2 Bc8e6
14.Nf3g5 c4
15.dxc4 bxc4
16.Ng5xe6 fxe6
17.Bb3xc4 d5
18.exd5 exd5
19.Bc4b3 Kh8
20.Nd2f3 d4
21.cxd4 exd4
22.Nf3xd4 Nc6xd4
23.Be3xd4 Be7d6
24.Bb3c2 Qd8c7
25.g3 Rb8d8
26.Qd1b1 Nf6d5
27.Bc2xh7 Bd6e5
28.Bd4xe5 Qc7xe5
29.Ra1a4 Nd5f6
30.Ra4h4 Nf6h5
31.Bh7g6 { time. }
1-0

[Event "Tourn. n9792"]
[Site "www.chess-mail.com"]
[Date "2018.06.24"]
[Round "1"]
[White "Osopanda"]
[Black "Libiesse"]
[WhiteElo "1880"]
[BlackElo "1860"]
[Result "0-1"]
[Round "1"]
1.e4 c5
2.Ng1f3 e6
3.d4 cxd4
4.Nf3xd4 Nb8c6
5.Bc1e3 Ng8f6
6.f3 d5
7.Bf1b5 Bc8d7
8.Nd4xc6 bxc6
9.Bb5a4 Bf8d6
10.exd5 cxd5
11.Ba4xd7 Qd8xd7
12.Nb1c3 Ra8b8
13.O-O O-O
14.Be3f2 Rb8xb2
15.Bf2d4 e5
16.Bd4f2 Rf8b8
17.Rf1e1 d4
18.Nc3e4 Nf6xe4
19.Re1xe4 f5
20.Re4h4 Qd7a4
21.Qd1d3 Qa4xc2
22.Qd3xc2 Rb2xc2
23.Bf2g3 Rb8b2
24.Kf1 Rc2xg2
25.f4 Bd6e7
26.Rh4h3 e4
27.Bg3e1 Rg2xh2
28.Rh3xh2 Rb2xh2
29.Kg1 Rh2c2
30.a4 Be7c5
31.Kf1 Bc5d6
32.Be1g3 g5
33.Ra1d1 d3
{ resign }
0-1

[Event "Tourn. n9789"]
[Site "www.chess-mail.com"]
[Date "2018.06.24"]
[Round "1"]
[White "Osopanda"]
[Black "Louis"]
[WhiteElo "1870"]
[BlackElo "1980"]
[Result "0-1"]
[Round "1"]
1.e4 c5
2.Ng1f3 d6
3.d4 cxd4
4.Nf3xd4 Ng8f6
5.Nb1c3 a6
6.Bf1c4 e6
7.O-O Bf8e7
8.Bc4b3 b5
9.Bc1e3 O-O
10.f4 Qd8c7
11.Qd1f3 Nb8d7
12.Ra1d1 Nd7c5
13.e5 dxe5
14.fxe5 Bc8b7
15.Qf3h3 Nf6e4
16.Nc3xe4 Bb7xe4
17.Rf1f4 Qc7xe5
18.c3 a5
19.Rf4xe4 Nc5xe4
20.Bb3c2 Ne4f6
21.Be3f2 Ra8b8
22.Bf2h4 h6
23.Rd1e1 Qe5h5
24.Re1f1 Rf8e8
25.Qh3g3 Nf6d5
26.Bh4xe7 Re8xe7
27.Qg3d3 g6
28.Nd4xb5 Qh5e5
29.Nb5d4 Qe5e3
30.Qd3xe3 Nd5xe3
31.Rf1d1 Ne3xd1
32.Bc2xd1 Rb8xb2
33.Bd1b3 Re7c7
34.c4 a4
35.Nd4b5 axb3
36.axb3 Rc7d7
{ resign }
0-1

[Event "Match"]
[Site "www.echecsemail.com"]
[Date "2018.06.24"]
[Round "1"]
[White "Bojan"]
[Black "Ssharp"]
[WhiteElo "1990"]
[BlackElo "2170"]
[Result "0-1"]
[Round "1"]
1.b4 Ng8f6
2.Bc1b2 e6
3.a3 d5
4.e3 a5
5.b5 b6
6.a4 Bc8b7
7.f3 Nb8d7
8.d4 c5
9.c3 cxd4
10.cxd4 Ra8c8
11.Qd1b3 Bf8b4
12.Bb2c3 Bb4d6
13.Bf1d3 O-O
14.Ng1e2 e5
15.Bd3f5 Rc8c7
16.Nb1d2 e4
17.fxe4 dxe4
18.Ne2g3 Bb7d5
19.Qb3b2 g6
20.Bf5h3 Nf6e8
21.Ra1c1 f5
22.Ng3e2 Qd8h4
23.Ne2g3 Bd6xg3
24.hxg3 Qh4xg3
25.Kd1 Ne8d6
26.Nd2f1 Qg3h4
27.g3 Qh4f6
28.Qb2e2 Bd5b3
29.Ke1 Rf8c8
30.Qe2b2 Bb3xa4
31.Kd2 Nd6c4
{ resign }
0-1

[Event "Match"]
[Site "www.echecsemail.com"]
[Date "2018.06.24"]
[Round "1"]
[White "Juheset"]
[Black "Goofy"]
[WhiteElo "1980"]
[BlackElo "2330"]
[Result "0-1"]
[Round "1"]
1.f4 d6
2.e4 c6
3.d4 Nb8d7
4.c4 h6
5.b4 g5
6.fxg5 Bf8g7
7.Ng1f3 Nd7f8
8.gxh6 Ng8xh6
9.Bc1xh6 Rh8xh6
10.Qd1d3 Nf8e6
11.Nb1c3 Qd8b6
12.a3 Ne6xd4
 { time }
0-1

[Event "Match"]
[Site "www.echecsemail.com"]
[Date "2018.06.24"]
[Round "1"]
[White "Babedad"]
[Black "Lcbunghai"]
[WhiteElo "2040"]
[BlackElo "2030"]
[Result "1-0"]
[Round "1"]
1.b3 e5
2.Bc1b2 Nb8c6
3.e3 a6
4.g3 d5
5.Bf1g2 Ng8f6
6.d3 Bf8d6
7.Ng1e2 O-O
8.O-O Rf8e8
9.Nb1d2 h6
10.a3 Nc6e7
11.Qd1e1 c6
12.f4 Ne7f5
13.e4 dxe4
14.Nd2xe4 Nf6xe4
15.dxe4 Nf5e3
16.Qe1c3 Ne3xf1
17.Ra1xf1 Bc8g4
18.Qc3e3 Bg4xe2
19.Qe3xe2 Qd8b6
20.Kh1 Ra8d8
21.f5 f6
22.Bb2c1 Qb6a5
23.Qe2g4 Kh8
24.Qg4g6 Bd6f8
25.Bc1xh6 gxh6
26.Qg6xf6 Bf8g7
27.Qf6h4 Qa5xa3
28.f6 Bg7f8
29.Qh4g4 Qa3d6
30.f7 Bf8g7
31.fxe8Q Rd8xe8
32.Rf1d1 Qd6f6
33.Rd1d7 b6
34.Bg2h3 Re8g8
35.Qg4d1 Rg8f8
36.Bh3f5 Qf6g5
37.Kg2 Rf8xf5
38.exf5 Qg5xf5
39.Rd7d8 Kh7
40.Qd1d3 Qf5xd3
41.Rd8xd3 Bg7f8
42.Rd3f3 Kg7
43.Rf3f5 Bf8d6
44.Kf3 Kg6
45.Ke4 h5
46.h3 a5
47.g4 hxg4
48.hxg4 b5
49.g5 Bd6b8
50.Rf5f6 Kxg5
51.Rf6xc6 b4
52.Rc6c5 Bb8d6
53.Rc5xa5 Kf6
54.Ra5a6 Ke7
55.Kd5 Bd6c7
56.Ra6a7 Kd8
57.Ra7xc7 { resign }
1-0

[Event "Match"]
[Site "www.echecsemail.com"]
[Date "2018.06.24"]
[Round "1"]
[White "Lcbunghai"]
[Black "Ericleo1980"]
[WhiteElo "2110"]
[BlackElo "2130"]
[Result "1-0"]
[Round "1"]
1.e4 c5
2.Ng1f3 d6
3.d4 cxd4
4.Nf3xd4 Ng8f6
5.Nb1c3 a6
6.a4 e6
7.Bf1e2 Qd8c7
8.O-O Bf8e7
9.a5 Nb8d7
10.Bc1g5 O-O
11.Kh1 Nd7c5
12.f3 Nc5d7
13.Qd1d2 Rf8e8
14.Ra1a4 b5
15.axb6 Nd7xb6
16.Ra4a1 d5
17.exd5 Nb6xd5
18.Nc3xd5 Nf6xd5
19.Bg5xe7 Re8xe7
20.c4 Nd5f4
21.Nd4b5 axb5
22.Ra1xa8 Nf4xe2
23.Qd2xe2 bxc4
24.Qe2e5 Qc7b7
25.Ra8b8 Qb7c7
26.Qe5xc7 Re7xc7
27.Rf1d1 { resign }
1-0

[Event "Match"]
[Site "www.echecsemail.com"]
[Date "2018.06.24"]
[Round "1"]
[White "Paco"]
[Black "Juheset"]
[WhiteElo "2030"]
[BlackElo "1809"]
[Result "1-0"]
[Round "1"]
1.e4 Ng8f6
2.e5 Nf6d5
3.d4 c6
4.Bf1c4 d6
5.Ng1f3 dxe5
6.Nf3xe5 g6
7.Qd1f3 Bc8f5
8.Ne5xf7 Kxf7
9.g4 e6
10.gxf5 exf5
11.Nb1c3 Bf8b4
12.O-O Kg7
13.Nc3e2 b5
14.Bc4b3 a5
15.c3 Bb4e7
16.Ne2f4 Nd5xf4
17.Bc1xf4 Rh8e8
18.Qf3h3  { time }
1-0

[Event "Match"]
[Site "www.echecsemail.com"]
[Date "2018.06.24"]
[Round "1"]
[White "Luke1302"]
[Black "Roma753"]
[WhiteElo "1330"]
[BlackElo "1499"]
[Result "0-1"]
[Round "1"]
1.d4 e6
2.Qd1d2 Ng8f6
3.b3 c5
4.Bc1b2 Nb8c6
5.g3 d5
6.Bf1g2 cxd4
7.c3 dxc3
8.Bb2xc3 Bf8e7
9.Bc3xf6 Be7xf6
10.b4 Bf6xa1
11.b5 Nc6e7
12.Qd2b4 Qd8c7
13.b6 Qc7c1

0-1

[Event "Tourn. n9838"]
[Site "www.echecsemail.com"]
[Date "2018.06.24"]
[Round "1"]
[White "Julian"]
[Black "Francesco"]
[WhiteElo "1880"]
[BlackElo "1910"]
[Result "1-0"]
[Round "1"]
1.d4 d5
2.c4 c6
3.cxd5 cxd5
4.Nb1c3 Bc8g4
5.f3 Bg4h5
6.Qd1a4 Nb8c6
7.e4 dxe4
8.fxe4 e6
9.d5 exd5
10.exd5 Qd8e7
11.Bf1e2 Bh5xe2
12.Ng1xe2 Ng8f6
{ time. }
1-0

[Event "Tourn. n9833"]
[Site "www.echecsemail.com"]
[Date "2018.06.24"]
[Round "1"]
[White "Redapond1"]
[Black "Trusivka"]
[WhiteElo "1510"]
[BlackElo "1590"]
[Result "0-1"]
[Round "1"]
1.d4 Ng8f6
2.Bc1f4 e6
3.Nb1c3 d5
4.Nc3b5 Nb8a6
5.e3 g6
6.Nb5c3 Bc8d7
7.Bf1xa6 { time. }
0-1

[Event "Tourn. n9818"]
[Site "www.echecsemail.com"]
[Date "2018.06.24"]
[Round "1"]
[White "Bigrezi"]
[Black "Tonino1"]
[WhiteElo "2210"]
[BlackElo "2060"]
[Result "1-0"]
[Round "1"]
1.e4 d6
2.d4 Ng8f6
3.Nb1c3 g6
4.Ng1f3 Bf8g7
5.Bf1e2 O-O
6.O-O c6
7.Bc1f4 Nf6h5
8.Bf4g5 h6
9.Bg5e3 e5
10.Qd1d2 Kh7
11.dxe5 dxe5
12.Qd2xd8 Rf8xd8
13.Be2c4 b5
14.Bc4xf7 Nh5f4
15.Ra1d1 Rd8xd1
16.Rf1xd1 Nb8d7
17.Bf7e8 b4
18.Be8xd7 bxc3
19.b3 Nf4e2
20.Kh1 Ne2d4
21.Nf3xd4 exd4
22.Be3xd4 Bc8xd7
23.Bd4xg7 Bd7g4
24.f3 Bg4xf3
25.gxf3 Kxg7
26.Rd1d7 Kg8
27.Rd7d6 c5
28.Rd6xg6 Kh7
29.Rg6c6  { time }
1-0

[Event "Match"]
[Site "www.echecsemail.com"]
[Date "2018.06.24"]
[Round "1"]
[White "Add"]
[Black "Gidgud"]
[WhiteElo "2200"]
[BlackElo "2109"]
[Result "0-1"]
[Round "1"]
1.e4 e6
2.e5 d5
3.d4 c5
4.c3 Nb8c6
5.Bc1e3 cxd4
6.cxd4 Bf8b4
7.Nb1c3 Qd8a5
8.Qd1c2 Bb4f8
9.a3 Bc8d7
10.Bf1d3 Nc6b4
11.Qc2d2 Nb4xd3
12.Qd2xd3 b5
13.Be3d2 Qa5b6
14.Ng1f3 h6
15.O-O Ng8e7
16.Nc3a2 b4
17.Qd3b3 bxa3
18.Qb3xa3 Ne7c6
19.Qa3c3 Ra8c8
20.Qc3e3 Qb6xb2
21.Rf1b1 Qb2c2
22.Rb1c1 Qc2e4
23.Na2c3 Qe4xe3
24.Bd2xe3 Bf8b4
25.Nc3b5 Ke7
26.h3 a5
27.Rc1c2 Nc6xe5
28.Rc2xc8 Ne5xf3
29.gxf3 Rh8xc8
30.Nb5a3 Rc8c3
31.Na3b1 Rc3d3
32.Nb1d2 Bb4xd2
33.Be3xd2 Rd3xd2
34.Ra1xa5 Rd2xd4
35.Ra5a3 e5
36.Kg2 e4
37.fxe4 dxe4
{ resign }
0-1

[Event "Tourn. n9868"]
[Site "www.echecsemail.com"]
[Date "2018.06.24"]
[Round "1"]
[White "Bojan"]
[Black "Fantomas"]
[WhiteElo "2100"]
[BlackElo "2160"]
[Result "1-0"]
[Round "1"]
1.e4 e5
2.Bf1c4 Nb8c6
3.c3 Nc6a5
4.Qd1e2 Na5xc4
5.Qe2xc4 d6
6.h3 a6
7.Ng1f3 h6
8.d4 b5
9.Qc4d5 Bc8e6
10.Qd5b7 Be6d7
11.dxe5 dxe5
12.Nf3xe5 Ng8f6
13.Ne5xd7 Nf6xd7
14.O-O Bf8d6
15.Bc1e3 O-O
16.f4 f6
17.Qb7d5 Kh8
18.Nb1d2 Qd8e7
19.Qd5h5 Qe7f7
20.Qh5f3 c5
21.b3 Ra8e8
22.Ra1d1 Qf7e7
23.Rf1e1 Qe7d8
24.Qf3g4 Re8e7
25.Nd2f3 Rf8g8
26.Rd1xd6 Qd8e8
27.Be3f2 a5
28.Re1d1 Nd7f8
29.Bf2xc5 Re7xe4
30.Nf3h4 Re4e1
31.Kh2 Re1xd1
32.Rd6xd1 Qe8c6
33.Bc5xf8 Rg8xf8
34.Nh4g6 { resign }
1-0

[Event "Match"]
[Site "www.echecsemail.com"]
[Date "2018.06.24"]
[Round "1"]
[White "Paco"]
[Black "Tonino1"]
[WhiteElo "2030"]
[BlackElo "1950"]
[Result "0-1"]
[Round "1"]
1.e4 d6
2.d4 Ng8f6
3.Nb1c3 c6
4.Bc1d2 e5
5.Bd2g5 Bf8e7
6.Ng1f3 Qd8c7
7.h3 O-O
8.dxe5 dxe5
9.Bf1d3 Bc8e6
10.O-O Nb8d7
11.b3 Ra8d8
12.Nf3h4 h6
13.Bg5e3 Nf6g4
14.Nh4f5 Be6xf5
15.exf5 Ng4xe3
16.fxe3 Nd7c5
17.Qd1e2 b5
18.b4 Nc5xd3
19.cxd3 Be7xb4
20.Nc3e4 f6
21.a3 Bb4e7
22.Rf1f3 Qc7d7
23.Ne4g3 Qd7xd3
24.Qe2a2 Qd3d5
25.Qa2c2 Be7c5
26.Ng3e4 Bc5b6
27.Ne4c3 Qd5c4
28.Kh2 Rd8d3
29.e4 Rf8d8
30.Ra1c1 Rd3d2
31.Qc2b1 Rd8d3
32.Rf3xd3 Qc4xd3
33.a4 Qd3f3
34.Qb1b3 Kh7
35.Rc1g1 Bb6xg1
{ resign }
0-1

[Event "Tourn. n9841"]
[Site "www.echecsemail.com"]
[Date "2018.06.24"]
[Round "1"]
[White "Juheset"]
[Black "Fantomas"]
[WhiteElo "2010"]
[BlackElo "2100"]
[Result "0-1"]
[Round "1"]
1.e4 e5
2.Ng1f3 Nb8c6
3.Bf1b5 a6
4.Bb5xc6 dxc6
5.Nf3xe5 Qd8d4
6.Ne5f3 Qd4xe4
7.Qd1e2 Qe4xe2
8.Kxe2 Bc8g4
9.d4 O-O-O
10.c3 c5
11.Bc1e3 cxd4
12.Be3xd4 f6
13.Nb1d2 Bf8d6
14.h3 Bg4h5
15.b4 Ng8h6
16.g4 Bh5e8
17.Nd2e4 Be8b5
18.Ke1 Rh8e8
19.Nf3d2 Bd6xb4
20.Bd4e3 Bb4e7
21.Ra1b1 Bb5d3
 { time }
0-1

[Event "Tourn. n9838"]
[Site "www.echecsemail.com"]
[Date "2018.06.24"]
[Round "1"]
[White "Francesco"]
[Black "Awfen"]
[WhiteElo "1910"]
[BlackElo "2070"]
[Result "0-1"]
[Round "1"]
1.e4 Nb8c6
2.d4 e5
3.d5 Nc6e7
4.Bf1b5 Ne7g6
5.Ng1f3 Ng8f6
6.Nb1c3 a6
7.Bb5a4 Bf8c5
8.O-O O-O
9.a3 d6
10.b4 Bc5a7
11.Rf1e1 b5
12.Ba4b3 Nf6g4
13.Re1f1 f5
14.Bc1g5 { time. }
0-1

[Event "Match"]
[Site "www.echecsemail.com"]
[Date "2018.06.24"]
[Round "1"]
[White "Enting"]
[Black "Eeze"]
[WhiteElo "1809"]
[BlackElo "1779"]
[Result "0-1"]
[Round "1"]
1.e4 e5
2.Ng1f3 d6
3.Bf1c4 h6
4.d4 exd4
5.Qd1xd4 Nb8c6
6.Qd4e3 Nc6b4
7.Bc4xf7 Kxf7
8.Qe3b3 Ke8
 { time }
0-1

[Event "Tourn. n9836"]
[Site "www.echecsemail.com"]
[Date "2018.06.24"]
[Round "1"]
[White "Szustan"]
[Black "Tonino1"]
[WhiteElo "2620"]
[BlackElo "2230"]
[Result "1-0"]
[Round "1"]
1.e4 d6
2.d4 Ng8f6
3.Nb1c3 c6
4.f4 e5
5.Ng1f3 Qd8c7
6.fxe5 dxe5
7.Nf3xe5 Bf8d6
8.Ne5f3 Bd6f4
9.e5 Bf4xc1
10.Qd1xc1 Nf6d5
11.Nc3xd5 cxd5
12.Bf1d3 O-O
13.O-O h6
14.Nf3h4 Nb8c6
15.c3 Bc8e6
16.Qc1d2 Ra8c8
17.Bd3c2 Qc7b6
18.Qd2d3  { time }
1-0

[Event "Tourn. n9828"]
[Site "www.echecsemail.com"]
[Date "2018.06.24"]
[Round "1"]
[White "Fegatux"]
[Black "Aniruddhadg"]
[WhiteElo "2320"]
[BlackElo "2560"]
[Result "0-1"]
[Round "1"]
1.d4 Ng8f6
2.c4 g6
3.Nb1c3 d5
4.Bc1g5 Nf6e4
5.Bg5f4 Ne4xc3
6.bxc3 Bf8g7
7.e3 c5
8.Ng1f3 O-O
9.cxd5 cxd4
10.cxd4 Qd8xd5
11.Bf1e2 Nb8c6
12.O-O Bc8f5
13.Nf3d2 e5
14.Be2c4 Qd5a5
15.dxe5 Ra8d8
16.Bc4xf7 Rf8xf7
17.Qd1b3 Qa5xd2
18.Ra1d1 Qd2e2
19.Rd1xd8 Nc6xd8
20.Rf1c1 Nd8c6
21.h3 Bg7xe5
22.Bf4xe5 Nc6xe5
23.Qb3d5 Ne5c6
24.Rc1d1 Bf5e4
{ resign }
0-1

[Event "Tourn. n9801"]
[Site "www.echecsemail.com"]
[Date "2018.06.24"]
[Round "1"]
[White "Fabos12"]
[Black "Julian"]
[WhiteElo "1870"]
[BlackElo "1870"]
[Result "0-1"]
[Round "1"]
1.d4 d5
2.Ng1f3 c6
3.Bc1f4 Ng8f6
4.e3 Bc8g4
5.Nb1d2 e6
6.h3 Bg4h5
7.g4 Bh5g6
8.Nf3e5 Bg6e4
9.f3 Be4g6
10.Ne5xg6 fxg6
11.c3 Bf8d6
12.Bf4xd6 Qd8xd6
13.Rh1g1 O-O
14.Bf1d3 Nb8d7
15.e4 dxe4
16.fxe4 e5
17.Bd3c4 Kh8
18.g5 Nf6h5
19.Nd2f3 exd4
20.Nf3xd4 Nd7e5
21.Bc4e2 Nh5f4
22.Be2f1 Ra8e8
23.Qd1c2 { time. }
0-1

[Event "Match"]
[Site "www.echecsemail.com"]
[Date "2018.06.24"]
[Round "1"]
[White "Juheset"]
[Black "Emmanuel69"]
[WhiteElo "1809"]
[BlackElo "1950"]
[Result "0-1"]
[Round "1"]
1.e3 d5
2.d4 Ng8f6
3.Bc1d2 e6
4.g3 Bf8e7
5.Nb1c3 a6
6.Bf1d3 Nb8c6
7.f4 O-O
8.Ng1f3 Rf8e8
9.Nf3e5 Bc8d7
10.Ne5xd7 Qd8xd7
11.Nc3e2 g6
12.a3 Be7f8
13.c3 Bf8g7
14.b4 Nc6a7
15.c4 h6
16.cxd5 Qd7xd5
17.O-O Nf6e4
18.Bd3xe4 Qd5xe4
19.Ne2c3 Qe4c6
20.Qd1f3 Qc6xf3
21.Rf1xf3 Na7b5
22.Nc3xb5 axb5
 { time }
0-1

[Event "Match"]
[Site "www.echecsemail.com"]
[Date "2018.06.24"]
[Round "1"]
[White "Liencam2"]
[Black "Lcbunghai"]
[WhiteElo "2300"]
[BlackElo "2050"]
[Result "1/2-1/2"]
[Round "1"]
1.e4 Ng8f6
2.Nb1c3 e5
3.Ng1f3 Nb8c6
4.g3 Bf8c5
5.Bf1g2 O-O
6.O-O a6
7.d3 Bc5e7
8.Nc3d5 d6
9.Nd5xe7 Nc6xe7
10.Bc1g5 c5
11.Bg5xf6 gxf6
12.Qd1d2 Kh8
13.Nf3h4 Rf8g8
14.f4 Bc8g4
15.fxe5 dxe5
16.Rf1xf6 Ne7g6
17.Nh4xg6 Rg8xg6
18.Rf6xf7 Qd8b6
19.Qd2c3 Ra8e8
20.Kh1 Qb6c6
21.Ra1f1 Rg6g8
22.Qc3a5 Bg4d7
23.Rf1f6 Qc6c8
24.Qa5d2 Rg8g7
25.Qd2h6 Re8g8
26.Qh6h5 Bd7e8
27.Bg2h3 Be8xf7
28.Rf6xf7 Qc8e8
29.Rf7f5 Qe8xh5
30.Rf5xh5 Rg7g5
31.Rh5h6 Rg8g6
32.Rh6h4 Kg7
33.Bh3f5 Rg6h6
34.Rh4xh6 Kxh6
35.Kg2 b6
36.g4 Rg5g8
37.h4 Kg7
38.Kf3 h6
39.Ke3 Kf6
40.a4 a5
41.c3 Rg8g7
42.d4 cxd4
43.cxd4 exd4
44.Kxd4 Rg7c7
45.b3 Rc7c1
46.e5 Ke7
47.h5 Rc1c5
{ draw }
1/2-1/2

[Event "Match"]
[Site "www.echecsemail.com"]
[Date "2018.06.25"]
[Round "1"]
[White "Storzman"]
[Black "Cal"]
[WhiteElo "1429"]
[BlackElo "1680"]
[Result "1-0"]
[Round "1"]
1.d4 d5
2.Ng1f3 h6
3.e3 Nb8c6
4.a3 Ng8f6
5.Nb1d2 a6
6.Bf1d3 e6
7.O-O Bf8d6
8.b3 b5
9.Bc1b2 Nc6e7
10.b4 Bc8b7
11.Rf1e1 O-O
12.e4 dxe4
13.Nd2xe4 Bd6f4
14.Ne4xf6 gxf6
15.Bd3e4 Bb7xe4
16.Re1xe4 Bf4d6
17.Re4h4 Ne7f5
18.Rh4h3 Kg7
19.Nf3h4 Nf5xh4
20.Rh3xh4 f5
21.Qd1h5 Rf8h8
22.Rh4h3 Qd8f6
23.Ra1b1 Ra8g8
24.d5 e5
25.Rh3g3 Kf8
26.Rg3xg8 Rh8xg8
27.f4 Qf6g6
28.Qh5xg6 Rg8xg6
29.fxe5 Bd6e7
30.Rb1d1 f4
31.Kf2 Be7h4
32.Kf3 Bh4g5
33.Rd1d3 h5
34.Ke4 Bg5e7
35.Kf3 Rg6g4
36.Rd3c3 Be7d8
37.Rc3c6 Rg4h4
38.h3 Kg7
39.Rc6xa6 f5
40.Bb2c3 Kh7
41.Bc3e1 Rh4xh3
42.gxh3 h4
43.Kxf4 c5
44.bxc5 { resign }
1-0

[Event "Match"]
[Site "www.echecsemail.com"]
[Date "2018.06.25"]
[Round "1"]
[White "Enting"]
[Black "Ditto"]
[WhiteElo "1749"]
[BlackElo "1840"]
[Result "0-1"]
[Round "1"]
1.d4 d5
2.Nb1c3 c6
3.e4 dxe4
4.Nc3xe4 Bc8f5
5.Qd1f3 e6
6.c3 Qd8d5
7.Bf1d3 Bf8e7
 { time }
0-1

[Event "Match"]
[Site "www.echecsemail.com"]
[Date "2018.06.25"]
[Round "1"]
[White "Guillaumefi"]
[Black "Jjmcbride"]
[WhiteElo "1780"]
[BlackElo "1660"]
[Result "0-1"]
[Round "1"]
1.c4 g5
2.d4 g4
3.g3 e6
4.Bc1d2 c5
5.e3 d5
6.cxd5 exd5
7.dxc5 Bf8xc5
8.Bf1g2 Ng8f6
9.Ng1e2 Nf6e4
10.Nb1c3 Nb8c6
11.Nc3xe4 dxe4
12.Bg2xe4 Nc6b4
13.O-O O-O
14.Ne2f4 f5
15.Be4xb7 Bc8xb7
16.Nf4e6 Qd8d5
17.f3 Qd5xe6
{ resign }
0-1

[Event "Match"]
[Site "www.echecsemail.com"]
[Date "2018.06.25"]
[Round "1"]
[White "Whitekknight"]
[Black "Cvilhena1976"]
[WhiteElo "1900"]
[BlackElo "1499"]
[Result "0-1"]
[Round "1"]
1.d4 d5
2.e4 e6
3.Nb1c3 Ng8f6
4.e5 Nf6d7
5.Bc1g5 Qd8xg5
6.Nc3b5 Qg5d8
7.Ng1f3 Nb8c6
8.Bf1e2 Bf8b4
9.c3 Bb4e7
10.Qd1c2 a6
11.O-O axb5
12.b4 Nc6a7
13.a3 Nd7b6
14.Qc2c1 Bc8d7
15.Nf3d2 Nb6c4
16.Nd2xc4 bxc4
17.a4 O-O
18.f4 f6
19.Qc1e3 fxe5
20.fxe5 Rf8xf1
21.Ra1xf1 Bd7xa4
22.Qe3f3 Ba4c2
23.Qf3f7 Kh8
24.Rf1f3 Bc2f5
25.Rf3g3 g6
26.Be2g4 Bf5xg4
27.Rg3xg4 Na7b5
28.Rg4g3 Ra8a1
29.Kf2 Be7h4
30.Qf7xe6 Qd8f8
31.Ke3 Ra1e1
{ resign }
0-1